000 00829nam a22002057a 4500
005 20251108170907.0
008 250721s1992 xx 000 0 ara d
082 1 4 _a028.1/كام
100 1 _aسعفان، كامل
245 1 0 _aهوامش تراثية من خلال عرض و مناقشة أفكار مذهبية دينية أو سياسية أو فكرية :
_bالفصل في الملل و الأهواء و النمل /
264 1 _aالقاهرة :
_bدار الإعتصام،
_c1992.
300 _a213ص
500 _aالفصل في الملل و الأهواء و النمل ل ابن حزم ، أبو محمد علي بن أحمد بن سعيد
650 1 7 _aنقد الكتب
650 1 7 _aالمراجع
650 1 7 _aالإسلام
650 1 7 _aالمجموعات
942 _2ddc
_cBK
999 _c51507
_d51507